Statistiques concernant Culture Générale - Série 146

Cliquez ici pour prendre le quiz!

Statistiques générales

  • Ce quiz a été pris 257 fois
  • Le résultat moyen est 6 sur 10

Statistiques - réponses

QuestionRéponse% Correct
Au football, combien de cartons jaunes un joueur peut-il recevoir au maximum?2
97%
Quel "mur" Chuck Yeager fut-il le premier à franchir en avion ?Mur du son
96%
Dans quelle chaîne de montagnes se situe le mont Everest ?Himalaya
84%
Quel nom désigne un collectionneur de timbres-poste ?Philatéliste
73%
De quel roman d'Albert Camus Meursault est-il le personnage principal ?L'Etranger
69%
De quoi joue la fille qui fascine Charlotte Gainsbourg dans "L'Effrontée" ?Piano
53%
En 2005, à quelle chanteuse doit-on le single "Petite Soeur" ?Lââm
40%
Selon le proverbe, qu'est-ce qui sourit aux audacieux ?La fortune
35%
Pour quel repas Claude Rich reçoit-il le césar du meilleur acteur en 1993 ?Le souper
22%
ous quel nom David Hasselhoff combat-il le crime dans "K2000" ?Michael Knight
10%

Distribution des résultats

Percentile par nombre de réponses

% des personnes avec chaque résultat

Votre développement - résultats

Vous n’avez pas pris ce quiz